01245nam a2200289 a 450000100060000000300080000600500170001400800410003102000150007202000230008703500190011004000270012904100080015608200290016410000430019324500940023625000120033026000630034230000330040550400530043865000530049165000530054494200120059799900170060995201630062695201660078954886BD-RjUL20211209080200.0161112s2000 enka b 001 0 eng  a0340652632 a0470236523 (Wiley) a(BD-RjUL)55008 aDLCcDLCdBD-RjULbeng aeng00a304.20973 223bJOG 20001 aJohnston, R. J.q(Ronald John)916361110aGeography and geographers :bAnglo-American human geography since 1945 /cR.J. Johnston. a5th ed. aLondon :bOxford University Press,cc1997 [Reprint 2000] . axx, 475 p. :bill. ;c24 cm. aIncludes bibliographical references and indexes. 0aHuman geographyzUnited StatesxHistory.9163612 0aHuman geographyzGreat BritainxHistory.9163613 2ddccBK c54886d54886 00102ddc40708NFICaRUCLbRUCLcStackd2010-10-18eDhaka,Paragon Enterprise Lit.,g595.00l0o304.20973 JOG 2000r2016-11-12 00:00:00tC-2w2016-11-12yBK 00102ddc40718NFICaRUCLbRUCLcReadingd2010-10-18eDhaka paragon enterprises ltd.g1595.00l0o304.20973 JOG 2000r2017-02-26 00:00:00tC-1w2017-02-26yBK